Managing bank operational risk
Typológia finančného rizika. Typológia operačného rizika. Charakteristika operačného rizika. Zodpovednosť za operačné riziko. Klúč k manažmentu operačného bankového rizika. Štyri kroky merania procesu operačného rizika.
Na minha lista:
| Autor principal: | |
|---|---|
| Formato: | Capítulo de Livro |
| Idioma: | inglês |
| Assuntos: | |
| Tags: |
Sem tags, seja o primeiro a adicionar uma tag!
|
MARC
| LEADER | 00000naa$a2200000$$$4500 | ||
|---|---|---|---|
| 001 | 0012839 | ||
| 005 | 20221128113343.8 | ||
| 041 | 0 | |a eng | |
| 044 | |a SK | ||
| 245 | 1 | 0 | |a Managing bank operational risk |c aut. Elvis Mujacević |
| 520 | |a Typológia finančného rizika. Typológia operačného rizika. Charakteristika operačného rizika. Zodpovednosť za operačné riziko. Klúč k manažmentu operačného bankového rizika. Štyri kroky merania procesu operačného rizika. | ||
| 610 | 2 | 0 | |a riziko bankové |
| 610 | 2 | 0 | |a riziko operačné |
| 610 | 2 | 0 | |a manažment |
| 610 | 2 | 0 | |a typológia |
| 100 | 1 | |a Mujacević, Elvis | |